000 00348nam a2200145Ia 4500
005 20251222175940.0
008 251222s9999||||xx |||||||||||||| ||spa||
020 _a8422691450
082 _a813.54/T81
100 _aTrigiani, Adriana
245 0 _aTodo Empezó Aquel Verano
250 _a1ra.ed.
264 _bCírculo de Lectores
942 _cLIB
999 _c41347
_d41347